The working poor : invisible in America
Αποθηκεύτηκε σε:
| Κύριος συγγραφέας: | |
|---|---|
| Μορφή: | Βιβλίο |
| Γλώσσα: | English |
| Δημοσίευση: |
New York :
Vintage Books,
2005.
|
| Θέματα: | |
| Ετικέτες: |
Προσθήκη ετικέτας
Δεν υπάρχουν, Καταχωρήστε ετικέτα πρώτοι!
|
MARC
| LEADER | 00000nam a2200000 a 4500 | ||
|---|---|---|---|
| 001 | 1/127488 | ||
| 008 | 231013s2005####us | ||| |||| ||eng|| | ||
| 020 | |a 0375708219 | ||
| 040 | |a GR-MyUa |b gre |c GR-MyUa |e AACR2 | ||
| 041 | 0 | |a eng | |
| 082 | 7 | |a 305.5690973 |2 (21) | |
| 100 | 1 | |a Shipler, David K. | |
| 245 | 1 | 4 | |a The working poor : |b invisible in America / |c David K. Shipler. |
| 260 | |a New York : |b Vintage Books, |c 2005. | ||
| 300 | |a xii, 329 σ. ; |c 21 εκ. | ||
| 504 | |a Περιλαμβάνει βιβλιογραφικές παραπομπές και ευρετήριο. | ||
| 650 | 0 | |a Poor |z United States. | |
| 650 | 0 | |a Working class |z United States. | |
| 650 | 0 | |a Cost and standard of living |z United States. | |
| 650 | 0 | |a Wages |z United States. | |
| 650 | 0 | |a Income |z United States. | |
| 650 | 0 | |a Debt |x Social aspects. | |
| 852 | |a INST |b RHODES |e 20231013 |h 305.5690973 SHI |p 005400043842 |q 005400043842 |t BK |y 0 | ||
| 970 | |z 13-10-2023 | ||